000 00686nam a2200241Ia 4500
003 OSt
005 20220924113157.0
006 a|||||r|||| 00| 0
007 ta
008 220923b |||||||| |||| 00| 0 eng d
024 _a149598
037 _cDictionary
040 _aARTS
_cARTS
_beng
041 _2eng
_aeng
082 _aY1:41:5t:N54, J5
110 _aIndia planning coimmision on prohibition enquiry commitee
_9169637
245 0 _aReport
260 _aNA
_bNA
_c1955
650 _aSOCIOLOGY
700 _aIndia planning coimmision on prohibition enquiry commitee
_9169638
942 _hY1:41:5t:N54, J5
_cdic
_2cc
999 _c389453
_d389453